LEADER 01068nam a2200265 i 4500 001 991002703619707536 008 150316s1962 yu ab 000 0 ger d 035 $ab14219086-39ule_inst 040 $aBibl. Dip.le Aggr. DiSTeBA - Sez. Biologia$beng 082 $a593.5$222 100 1 $aPax, Ferdinand$088680 245 14$aDie Anthozoenfauna der Adria /$c[von] Ferdinand Pax und Ingeborg Muller 246 03$aFauna antozoa Jadrana 260 $aSplit :$bInstitut fur Ozeanographie und Fischerei,$c1962 300 $a343 p.$bill., maps, tables ;$c30 cm 440 0$aFauna et flora Adriatica,$v3 650 0$aAnthozoa 650 0$aCtenophora$zAdriatic Sea 700 1 $aMuller, Ingeborg$eauthor$4http://id.loc.gov/vocabulary/relators/aut$0732788 907 $a.b14219086$b16-03-15$c16-03-15 912 $a991002703619707536 945 $aLE003 Fondo Parenzan 593 PAX1 (1962)$g1$lle003$og$pE0.00$q-$rs$s- $t0$u0$v0$w0$x0$y.i15661908$z16-03-15 996 $aAnthozoenfauna der Adria$91443750 997 $aUNISALENTO 998 $ale003$b16-03-15$cm$da $e $fger$gyu $h4$i0